00894 2200325 4500001002100000005001500021035002000036007000300056040001700059100003400076245004300110250002000153300003600173020002200209041000800231082001100239084001700250090002300267264003700290336002100327337003000348338002300378650001000401700004000411850001000451008004100461990002200502990002200524990002200546INLIS00000000000718420260603111904 a0010-0822000158ta aSBPUPADbind0 aRosnidar SembiringePengarang1 aHukum Waris Adat /cRosnidar Sembiring a.-Ed.1, .-cet.1 axx, 236 hlm. :billus. ;c23 cm a978-623-231-794-40 aind a346.05 a346.05 ROS h a346.05 ROS h L11-7 a.--Depok :bRaja Grafindo,c2021 2rdacontentateks 2rdamediaatanpa perantara 2rdacarrieravolume 4aHukum aeditor, Yayat Sri HayatiePengarang aPUPAD260603 0  a36.386/B/DPK/2022 a36.387/B/DPK/2022 a36.388/B/DPK/2022